000 00724nam a2200253Ia 4500
003 OSt
005 20221006143739.0
006 a|||||r|||| 00| 0
007 ta
008 221006b |||||||| |||| 00| 0 eng d
020 _c
_28.00
024 _a9,838
037 _cTextual
040 _aEASL
_cEASL
_beng
041 _2eng
_aeng
082 _aX8(D5133):5.73.N7, L4
100 _aHARDY Douglas Lee
_9650323
245 0 _aDistribution of automobiles in the United States and Japan
260 _aAnn Arbor
_bUniversity Microfilms International
_c1974
300 _a197p.
_ccm.
490 _v Oth
942 _hX8(D5133):5.73.N7, L4
_cTEXL
_2CC
999 _c1077924
_d1077924